000 00618nam a22001457a 4500
020 _a978-0-0994-2928-9
082 _a823
_bPUZ/G
100 _aPUZO, MARIO
245 _aTHE GODFATHER
260 _aGREAT BRITAIN
_bARROW BOOKS
_c1991
300 _a595
520 _aOriginally published in 1969 by G. P. Putnam's Sons, the novel details the story of a fictional Mafia family in New York City (and Long Island), headed by Vito Corleone, the Godfather. The novel covers the years 1945 to 1955 and includes the back story of Vito Corleone from early childhood to adulthood.
650 _aNOVEL
_zUNITED STATES
942 _cBK
999 _c3723
_d3723